<?xml version="1.0" encoding="UTF-8"?>
<marc:record xmlns:marc="http://www.loc.gov/MARC21/slim">
   <marc:leader>00000nam a2200000 a 4500</marc:leader>
   <marc:datafield ind1="1" ind2=" " tag="100">
      <marc:subfield code="a">Ambach, Jule</marc:subfield>
      <marc:subfield code="4">aut</marc:subfield>
      <marc:subfield code="e">Verfasser/-in</marc:subfield>
   </marc:datafield>
   <marc:datafield ind1="0" ind2="0" tag="245">
      <marc:subfield code="a">Die drei !!! - Geisterspuk und Elfenzauber</marc:subfield>
   </marc:datafield>
   <marc:datafield ind1=" " ind2="1" tag="264">
      <marc:subfield code="a">Stuttgart</marc:subfield>
      <marc:subfield code="b">Kosmos</marc:subfield>
      <marc:subfield code="c">2024</marc:subfield>
   </marc:datafield>
   <marc:datafield ind1="1" ind2=" " tag="490">
      <marc:subfield code="a">Bücherhelden</marc:subfield>
   </marc:datafield>
   <marc:datafield ind1="1" ind2=" " tag="520">
      <marc:subfield code="a">Alles Spuk? Die drei !!! besuchen ihre Freundin Hanna und sind begeistert. Im alten Schloss gibt es so viel zu entdecken! Abends soll es hier sogar spuken. Tatsächlich schweben unheimliche Lichter durch die Dunkelheit. Kim, Marie und Franzi lassen sich davon nicht beeindrucken. Mutig gehen sie auf Geisterjagd. Bald ist es so weit! In Maries Ballettschule freuen sich die Kinder auf ihren großen Auftritt. Dann verschwinden Kostüme und die Schränke werden durchwühlt. Was hat eine Elfe damit zu tun? Die drei !!! finden es heraus. Zwei Bände mit jeweils acht Kapiteln. Lesen, mitfiebern und nach jedem Kapitel ein Rätsel lösen.</marc:subfield>
   </marc:datafield>
   <marc:datafield ind1=" " ind2=" " tag="020">
      <marc:subfield code="a">9783440180167</marc:subfield>
      <marc:subfield code="9">9783440180167</marc:subfield>
   </marc:datafield>
   <marc:datafield ind1=" " ind2=" " tag="300">
      <marc:subfield code="a">127 Seiten</marc:subfield>
   </marc:datafield>
</marc:record>
